Fractals, random shapes and point fields : methods of geometrical statistics
Saved in:
| Main Author: | |
|---|---|
| Other Authors: | |
| Format: | Book |
| Language: | English |
| Published: |
Chichester ; New York :
John Wiley,
c1994
|
| Series: | Wiley series in probability and mathematical statistics. Applied probability and statistics
|
| Subjects: | |
| Tags: |
Add Tag
No Tags, Be the first to tag this record!
|
MARC
| LEADER | 00000nam a2200000 i 4500 | ||
|---|---|---|---|
| 001 | 1/79934 | ||
| 008 | 990506s1994 eng d | ||
| 020 | |a 0-471-93757-6 | ||
| 035 | |l 10050510 | ||
| 040 | |a GR-MY-UA |b gre |e aacr | ||
| 041 | 0 | |a eng | |
| 082 | 0 | |a 519.2 | |
| 100 | 1 | |a Stoyan, Dietrich. | |
| 245 | 1 | 0 | |a Fractals, random shapes and point fields : |b methods of geometrical statistics / |c Dietrich Stoyan and Helga Stoyan |
| 260 | |a Chichester ; New York : |b John Wiley, |c c1994 | ||
| 300 | |a xiv, 389 p.; |b ill.; |c c1994 | ||
| 490 | 1 | |a Wiley series in probability and mathematical statistics. Applied probability and statistics | |
| 500 | |a Includes bibliographical references and index | ||
| 650 | 0 | 0 | |a Fractals. |
| 650 | 0 | 0 | |a Point processes. |
| 700 | 1 | |a Stoyan, Helga. | |
| 830 | 0 | |a Wiley series in probability and mathematical statistics. Applied probability and statistics | |
| 852 | |a INST |b SAMOS |e 19990506 |h 519.2 STO |p 005300013126 |q 005300013126 |t BK |y 0 | ||
| 901 | |a BIBL-1999-2 | ||
| 909 | |a Σ |b 064014 | ||
| 922 | |a 3ΕΛΗ |b 199901 |c ΚΠΣ |d GLORY | ||